| 000 | 01264nam a22002537a 4500 | ||
|---|---|---|---|
| 010 | _aA-943841 | ||
| 020 |
_a817648010X _c5000(set) |
||
| 035 | _aA-943841 | ||
| 037 | _aCen Lib / Ret | ||
| 040 |
_aDPL _bEN |
||
| 082 |
_a363.7 _bNEE |
||
| 100 | _aNeelima Rajvaidya | ||
| 245 |
_aAdvances in environmental science and technology / _cby Neelima Rajvaidya ; Dilip Kumar Markandey |
||
| 260 |
_aNew Delhi _bAPH Publishing Corporation _c1998 |
||
| 270 |
_a5, Ansari Road Darya Ganj _bNew Delhi _e110002 |
||
| 300 | _a8.v ; (v 1. 346 ; v 1 xxxi, 361 ; v 3. 424 ; v 4. xvi, 244 ; v 5. 207 ; v 6. xvii, 259 ; v 7. 113; v 8. xviii, 181) | ||
| 505 | _a8 v. (v 1. Water characteristics and properties ; v 2. environmental analysis and instrumentation ; v 3. Environmental biochemistry ; v 4. Environmental pollution control a refresher course ; v 5 Environment measurement : concept and approach ; v 6. treatment of textile industrial effluent ; v 7. Treatment of pulp - and paper industrial effluent ; v 8. Microbial technology for bio remediation) | ||
| 650 | _aEnvironmental Pollution. | ||
| 650 | _aTechnology. | ||
| 650 | _aAir Pollution. | ||
| 650 | _aPollution. | ||
| 700 | _aMarkandey, Dilip Kumar | ||
| 942 |
_2ddc _cEN _h363.7 _mNEE |
||
| 999 |
_c136378 _d136378 |
||